Statistics for Word Chain - South America

Click here to take the quiz!

General Stats

  • This quiz has been taken 15,038 times
  • The average score is 16 of 24

Answer Stats

HintAnswer% Correct
7,000 kilometer long mountain rangeAndes
95%
Sail across this ocean to reach AfricaAtlantic
93%
Capital of PeruLima
93%
Colombian singer whose hips don't lieShakira
91%
Longest riverAmazon
90%
The Pacific Coast is part of this volcanic
area: ____ of Fire
Ring
86%
Island known for its Moai statuesEaster
83%
Messi's first nameLionel
82%
Country that owns the islands Aruba,
Bonaire, and Curaçao
Netherlands
80%
Country that was once a colony
of the above
Suriname
78%
Colombian dance/fitness programZumba
74%
World's tallest waterfall: _____ FallsAngel
73%
Capital of ParaguayAsunción
73%
Former head of the Medellín cartelEscobar
62%
Domesticated camelidLlama
62%
Term for an Argentine cowboyGaucho
59%
Smaller version of the aboveAlpaca
58%
Brazil's currencyReal
52%
"One Hundred Years of Solitude"
author: Gabriel García ______
Márquez
43%
Dish made of raw fish marinated in citrusCeviche
40%
Brazilian slogan: _______ e ProgressoOrdem
33%
Tallest mountainAconcagua
30%
"Forbidden dance" invented in BrazilLambada
28%
Closest major city to AfricaNatal
19%

Score Distribution

Percentile by Number Answered

Percent of People with Each Score

Your Score History

You have not taken this quiz